¿ Cambios en primarias ? (Record no. 142468)

MARC details
000 -CABECERA
campo de control de longitud fija 00492nab a2200193 a 4500
005 - FECHA Y HORA DE LA ÚLTIMA TRANSACCIÓN
campo de control 20210219160656.0
008 - ELEMENTOS DE LONGITUD FIJA--INFORMACIÓN GENERAL
campo de control de longitud fija 991125s1985 mx 000 0 spa u
035 ## - NÚMERO DE CONTROL DEL SISTEMA
Número de control de sistema UPN01000170363
100 1# - ASIENTO PRINCIPAL--NOMBRE PERSONAL
Nombre de persona Araujo Morales, Leticia
222 ## - TÍTULO CLAVE
Título clave EDUCACION 2001
245 ## - MENCIÓN DE TÍTULO
Título ¿ Cambios en primarias ?
260 ## - PUBLICACIÓN, DISTRIBUCIÓN, ETC.
Lugar de publicación, distribución, etc. México
300 ## - DESCRIPCIÓN FÍSICA
Extensión 32-35
362 0# - FECHAS DE PUBLICACIÓN Y/O DESIGNACIÓN SECUENCIAL
Fecha de publicación y/o designación secuencial 2008 No. 161, oct.
653 0# - TERMINO DE INDIZACION - NO CONTROLADO
Término no controlado EDUCACION PRIMARIA
653 0# - TERMINO DE INDIZACION - NO CONTROLADO
Término no controlado CALIDAD EDUCATIVA
653 0# - TERMINO DE INDIZACION - NO CONTROLADO
Término no controlado REFORMA EDUCATIVA
905 ## - TIPO DE MATERIAL
Tipo de material Articulo

No items available.